000 00800nam a22002297a 4500
001 80200
003 BD-RjUL
005 20220814102815.0
008 220814s1990 bg a|||| m||| 00| 0 eng d
035 _a(BD-RjUL)80200
040 _aBD-RjUL
_beng
_cBD-RjUL
_dBD-RjUL
041 _aeng
082 _223
_a572.8
_bHOC 1990
100 _aHossain, Md. Daud
_94375
245 1 0 _aCytogenetical Studies In Chilli (Capsicum Annuum L.) /
_cBy Md. Daud Hossain ;
_6Supervisor : M. A. Khaleque
260 _bDepartment of Botany, University of Rajshahi,
_aRajshahi :
_c1990
300 _a[19], 198 leaves :
_bill, ;
_c29.cm.
502 _aThesis (M. Phil) -- Department of Botany, University of Rajshahi, 1990
650 _aCytogenetics
_93774
700 _aKhaleque, M. A. Supervisor
_94376
942 _2ddc
_cTHE
999 _c80200
_d80200